| 000 | 00661nam a2200205 a 4500 | ||
|---|---|---|---|
| 005 | 20250116063825.0 | ||
| 008 | 991125s1974 ea 000 0 eng u | ||
| 020 | _a0130436380 | ||
| 035 | _aUPN01000003861 | ||
| 049 | _aCG | ||
| 050 | 4 |
_aLB1028 _bA6.4 |
|
| 245 | 0 | 0 |
_aAppraising educational research : _ba case study approach / _c[comp.] Jason Millman. |
| 260 |
_aEnglewood Cliffs [E.U.A.] : _bPrentice-Hall, _c1974. |
||
| 300 | _a186 p. | ||
| 440 | 0 | _aPrentice-Hall series in educational measurement, research and statistics | |
| 650 | 4 |
_aEducación _xInvestigación _94070 |
|
| 650 | 4 |
_aEducación _9682 |
|
| 700 | 1 |
_aMillman, Jason, _ecomp. |
|
| 905 | _aLibro | ||
| 999 |
_c3861 _d3861 |
||